Native American Tribes on a Map - Statistics

General Stats
  • This quiz has been taken 3,959 times
  • The average score is 12 of 39
Answers on the Map
Answers color-coded by a green-red scale on the quiz's map according to % correct below.
 
Answer Stats
# of members Tribe % Correct
269,202 Navajo
87%
108,272 Sioux
84%
281,069 Cherokee
82%
45,212 Iroquois
74%
57,060 Apache
63%
45,919 Yupik & Inupiaq
63%
2,488 Cree
56%
27,104 Blackfeet
45%
12,431 Seminole
44%
40,223 Muscogee
41%
87,349 Choctaw
40%
105,907 Ojibwe
36%
11,191 Cheyenne
35%
10,120 Comanche
33%
59,533 Pueblo
32%
11,941 Aleut
31%
9,117 Crow
30%
20,887 Chickasaw
29%
7,309 Ute
29%
7,739 Shoshone
23%
7,658 Osage
22%
2,600 Pawnee
21%
9,705 Paiute
15%
11,034 Puget Sound Salish
14%
8,559 Kiowa
13%
8,304 Lenape
13%
7,295 Quechan
13%
55,913 Lumbee
11%
8,519 Pima
11%
14,520 Alaskan Athabaskan
10%
7,883 Menominee
10%
6,432 Odawa
10%
17,466 Tohono O'odham
10%
14,825 Haida
9%
15,817 Potawatomi
9%
8,481 Yakama
7%
15,224 Yaqui
5%
7,833 Colville
4%
6,798 Houma
4%
No matching quizzes found
Score Distribution
Percent of People with Each Score
Percentile by Number Answered
Your Score History
You have not taken this quiz